000 00444nam a2200181Ia 4500
003 0STCL
008 150530s9999 xx 000 0 und d
040 _aSTCL
_cSTCL
100 _aPrayar Prabhakaran
245 _aBharatheeya Sahitya Sastra Patanangal
250 _a1
260 _bKerala Sahitya Academi; Thrissur
_c1999
_aThrissur
300 _a0
546 _aMalayalam
942 _2ddc
_cBK
999 _c79710
_d79710
005 20220125171726.0